| 000 | 00806naa a22002537a 4500 | ||
|---|---|---|---|
| 001 | BR8800659 | ||
| 003 | BR-BrBNA | ||
| 005 | 20250721154552.0 | ||
| 007 | ta | ||
| 008 | 250630b bl.|||m| |||| 00| 0 por d | ||
| 040 |
_aBR-BrBNA _bpor _cBiblioteca Nacional de Agricultura |
||
| 041 | _a(Pt) | ||
| 072 |
_aL01 _b5217 |
||
| 090 | _aL01 BR8800659 | ||
| 100 | 1 | _aNascimento, C.N.B. do | |
| 245 | 1 | _aMarcacao criogenica em animais bubalinos pretos | |
| 500 | _aBoletim Tecnico Belem, PA (Brasil): 1973. p. 15-23 [5 illus.; 4 ref.; Summaries (En, Pt)] (BR8800659-AMS) | ||
| 650 | _aMARCACAO | ||
| 650 | _aPIGMENTACAO | ||
| 650 | _aBUFALO | ||
| 490 |
_aBoletim Tecnico - Instituto de Pesquisa Agropecuaria do Norte (Brazil) _vno. 56 |
||
| 942 |
_cAMS _2AGRIS |
||
| 909 |
_a202506 _bLúcia _c55 _dLúcia Elande |
||
| 999 |
_c335720 _d335720 |
||